00349nam a22001337a 450000500170000002000110001703500120002803500120004003700130005210000150006524500810008026000350016130000190019620120424131625.0 c175.00 aB-88321 aB-84427 aDPLbENG aMali, H.B. aRole of religion :bIn social reformation and transformation /cby H.B. Mali aKarnatakabBasava Kendrac2002 a325p.c20 cms.